header

90 days to success in fundraising (Record no. 3589)

MARC details
000 -LEADER
fixed length control field 01379nam a2200349Ia 4500
100 1# - MAIN ENTRY--AUTHOR NAME
Personal name Kachinske, Timothy.
245 10 - TITLE STATEMENT
Title 90 days to success in fundraising
260 ## - PUBLICATION, DISTRIBUTION, ETC. (IMPRINT)
Place of publication Boston :
Name of publisher Course Technology/Cengage Learning,
Year of publication c2009.
300 ## - PHYSICAL DESCRIPTION
Number of Pages xvi, 272 p. :
Other physical details ill.
650 #0 - SUBJECT ADDED ENTRY--TOPICAL TERM
Topical Term Nonprofit organizations
Topical Term Fund raising.
Topical Term Fund raising
856 40 - ELECTRONIC LOCATION AND ACCESS
Uniform Resource Identifier http://site.ebrary.com/lib/rucke/Doc?id=10282719

No items available.

© 2026 Rongo University
Contact us: librarian | system librarian | Rongo university